00468 2200193 4500001002100000005001500021035002000036007000300056008004100059020001800100082001200118084001800130100003000148245001700178260004400195856001700239990000900256990000900265INLIS00000000000121320221025100303 a0010-1022000164ta221025 g 0 ind  a9786028225083 a621.389 a621.389 TIM c0 aTim bina sumber daya mipa1 aCompact disk aJakarta :bBina sumber daya mipa,c2008 aKoleksi Umum a2462 a2463